• 首页
  • 本馆介绍
  • 公告通知
  • 最新文献
  • 馆藏检索
  • 电子资源
  • 读者导购
  • 参考咨询
  • 我的图书馆
  • 登录
  • 详细信息显示
  • 放入我的书架
  • 预约/预借图书
  • 作者相关作品
  • 分类相关作品
  • 丛书相关作品
  • 出版社相关作品

书目信息

  • 表格格式
  • 工作单格式
  • 卡片格式
题名:
单层厂房结构
    
 
作者: ;南京工学院《单层厂房结构》编写组 编
分册:  
出版信息: 北京   中国建筑工业出版社  1982
页数: 295页
开本: 19cm
丛书名: 建筑结构基本知识丛书
单 册:
中图分类: TU27
科图分类:
主题词:
电子资源:
ISBN:
000 00806nam2 2200265 45
001 0182007052
005 20040514102446.8
010    @dCNY0.66
091    @a15040.4267
100    @a19950630d1982 em y0chiy0121 ea
101 0  @achi
102    @aCN@b110000
105    @ay z 000yy
106    @ar
200 10 @a单层厂房结构@Adan ceng chang fang jie gou@f南京工学院《单层厂房结构》编写组编
205    @a2版
210    @a北京@c中国建筑工业出版社@d1982
215    @a295页@d19cm
225 2  @a建筑结构基本知识丛书
410  0 @120010@a建筑结构基本知识丛书
690    @aTU27@v3
711 02 @a南京工学院《单层厂房结构》编写组@Anan jing gong xue yuan dan ceng chang fang jie gou bian xie zu@4编
801  0 @aCN@b上海图书馆@c20040514
801  2 @aCN@bNLC@c20040514
905    @f2@b126410-411@dTU27@e103=2
    
    单层厂房结构/南京工学院《单层厂房结构》编写组编.-2版.-北京:中国建筑工业出版社,1982
    295页;19cm.-(建筑结构基本知识丛书)
    
    
    ISBN :CNY0.66
    
●
相关链接 在E读中查询图书 在五车中查询图书 在当当中查询图书 在豆瓣中查询图书


正题名:单层厂房结构     索取号:TU27/103=2         预约/预借

序号 登录号 条形码 馆藏地/架位号 状态 备注
1 0126410   001484986   第三借阅区/ [索取号:TU27/103=2] 在馆    
2 0126411   001485002   密集书库/ [索取号:TU27/103=2] 在馆    
3 0126412   001484995   第二样本阅览室/ [索取号:TU27/103=2] 在馆    
唐山师范学院图书馆 欢迎您!
大连网信软件有限公司© 版权所有